00362 2200157 4500001002100000005001500021035002000036245001800056100001800074300001700092260003200109082001400141084002000155020001800175990001100193INLIS00000000000135420220804021926 a0010-08220000011 aCatatan Juang0 aFiersa Besari avi+306 ;c19 aJakarta :bMediakita,c2017 a899.221'3 a899.221'3 FIE c a9789797945497 a002351